Mathematics of fractals

Uloženo v:
Podrobná bibliografie
Hlavní autoři: Yamaguti, Masaya (Autor), Hata, Masayoshi (Autor), Kigami, Jun (Autor)
Médium: Kniha
Jazyk:angličtina
Vydáno: Providence American Mathematical Society 1997
Vydání:1a. ed
Edice:Translations of Mathematical Monographs, 167
Témata:
Tagy: Přidat tag
Žádné tagy, Buďte první, kdo vytvoří štítek k tomuto záznamu!

MARC

LEADER 00000nam a2200000 a 4500
001 UCK2245
003 CL-VaPUC
008 041229e19970000US |||||||||||||||||eng|d
020 |a 0821805371 
082 0 4 |a 514.742  |b YAM  |2 21 
100 0 |a Yamaguti, Masaya  |e author  |9 490045 
700 0 |a Hata, Masayoshi  |e author  |9 490046 
700 0 |a Kigami, Jun  |e author  |9 490047 
245 1 0 |a Mathematics of fractals 
250 |a 1a. ed 
300 |a 78 p 
942 |c BK 
945 |d 20041229 00:00:00  |a vberengu 
260 |a Providence  |b American Mathematical Society  |c 1997 
650 7 |a FRACTALES  |2 CL-VaPUC  |9 266326 
583 |a last modification  |c 20130422 12:41:27  |k Rodrigo Vera 
490 0 |a Translations of Mathematical Monographs, 167 
999 |c 311834  |d 311832 
952 |0 0  |1 0  |4 0  |6 514_742000000000000_YAM_1997  |7 0  |8 A  |9 381501  |a BIBMAT  |b BIBMAT  |d 2019-11-21  |i 4090454  |o 514.742 YAM 1997  |p 4090454  |r 2025-01-07  |w 2019-11-21  |y BK  |k MAT